00680 2200241 4500001002100000005001500021035002500036090002100061245004100082260003000123300002100153008004100174040001700215082001700232084001900249100006900268500002700337650003200364850001200396041000800408990001100416990001100427YOGYA00000000002326620190729103508 a0010-081400000022984 aL 899.2223 WIR s1 aSerat erang-erang /cWirapustaka, Ng3 aBatavia :bPapyrus,c1916 a71 hlm. ;c21 cm130803s1916 g | d aYOPDYOGbind04223a899.2223 a899.2223 WIR s1 aWirapustakacNgabehiepengaranggAbdi dalem mantri radya pustaka aTeks dalam aksara Jawa 4aKesusastraan Jawa--xcerita aYOPDYOG0 ajav a6124-A a6108-A